| 000 | 00969nam a22002897a 4500 | ||
|---|---|---|---|
| 005 | 20220817044523.0 | ||
| 008 | 120521s it rn 00010 eng d | ||
| 010 | _a103180 | ||
| 011 | _a104152 | ||
| 020 | _a9789251070321 | ||
| 035 | _a114841 | ||
| 082 | 0 | 4 |
_a636.08 _bF21yDir v.9 |
| 110 | 2 | _aFAO | |
| 245 | 1 | 0 |
_aMolecular genetic characterization of animal genetic resources _c/por FAO |
| 260 |
_aRoma : _bFAO, _c2011 |
||
| 300 | _aix, 85 p. | ||
| 490 | 0 |
_aFAO. Producción y sanidad animal. Directrices _v; 9 |
|
| 590 |
_aBATCH-UPD _b10 _c20130110 _lUCH01 _h1159 |
||
| 590 |
_aBATCH-UPD _b10 _c20130410 _lUCH01 _h0741 |
||
| 590 |
_aBATCH-UPD _b10 _c20130914 _lUCH01 _h1018 |
||
| 590 |
_aCONVERSION _b10 _c20130109 _lUCH01 _h1357 |
||
| 650 | 1 | 4 | _aGenética animal. |
| 650 | 1 | 4 |
_aGermoplasma. _947766 |
| 710 | 2 |
_aCommission on Genetic Resources for Food and Agriculture _925938 |
|
| 830 | 0 |
_aFAO. Producción y sanidad animal. Directrices _v; 9 _939658 |
|
| 901 | _aBK | ||
| 999 |
_c103180 _d103180 |
||